000
00343nam a2200157Ia 4500
005
20250425161625.0
008
250425s9999 xx 000 0 und d
041
_a
eng
082
_a
IBM4381
245
0
_a
SUPERCONDUCTING MAGNETS
250
_a
S.E.
260
_a
S.L.
260
_a
Sin Pais
_b
S.E.
_c
1988
942
_c
01
010
_a
24468
999
_c
212784
_d
212784